[Event "Druzynowe Mistrzostw Polski Juniorow - II Liga"]
[Site "Wroclaw"]
[Date "1899-12-30"]
[Round "9.83"]
[White "Pietrzak, Emilia"]
[Black "Matyjasek, Michalina"]
[Result "0-1"]
[WhiteTitle "I+"]
[BlackTitle "I"]
[WhiteElo "1374"]
[BlackElo "1438"]

1. d4 d5 2. c4 c6 3. Nf3 Nf6 4. g3 Bf5 5. Bg2 e6 6. Nbd2 h6 7. O-O Nbd7 8. Re1
Be7 9. Ne5 O-O 10. Qb3 Qc7 11. Ndf3 Rfd8 12. Bf4 Qb6 13. Rac1 Qxb3 14. axb3 Ne4
15. Nxd7 Rxd7 16. Ne5 Rdd8 17. f3 Nf6 18. e4 Bh7 19. Rcd1 g5 20. Bc1 Bb4 21. Bd2
Bf8 22. Bc3 c5 23. Kf1 cxd4 24. Bxd4 dxe4 25. fxe4 Nd7 26. Nxd7 Rxd7 27. Bf6 Rc7
28. Rd3 Bg7 29. Bxg7 Kxg7 30. Red1 Rac8 31. Rd7 a6 32. c5 Rxd7 33. Rxd7 Rxc5 34.
Rxb7 Rb5 35. Rxb5 axb5 36. b4 Kf6 37. Kf2 Ke5 38. Bf1 Bxe4 39. Bxb5 Bb7 40. Be2
f5 41. b5 Kd6 42. Ke3 e5 43. Bh5 Kc5 44. Be8 f4+ 45. Kf2 e4 46. gxf4 gxf4 47.
b4+ Kb6 48. Bd7 Bd5 49. Be8 Bc4 50. Bc6 e3+ 51. Ke1 Bxb5 52. Bf3 Bc4 53. Kd1 Kb5
54. Ke1 Kxb4 55. Kd1 Kc5 56. Ke1 Bd5 57. Bg4 f3 58. Bh3 Kd4 59. Bg4 f2+ 0-1

[Event "Druzynowe Mistrzostw Polski Juniorow - II Liga"]
[Site "Wroclaw"]
[Date "1899-12-30"]
[Round "9.84"]
[White "Piotrowska, Weronika"]
[Black "Opalka, Marta"]
[Result "0-1"]
[WhiteTitle "II"]
[BlackTitle "I"]
[WhiteElo "1140"]
[BlackElo "1249"]

1. e4 e6 2. d4 d5 3. Nd2 c5 4. c3 cxd4 5. cxd4 dxe4 6. Nxe4 Bb4+ 7. Nc3 Nc6 8.
Nf3 Nf6 9. Bb5 Qd5 10. Bd2 Bxc3 11. Bxc6+ Qxc6 12. Bxc3 Qe4+ 13. Qe2 Qxe2+ 14.
Kxe2 Nd5 15. Rhe1 Bd7 16. Bd2 Bb5+ 17. Kd1 Rc8 18. Rc1 O-O 19. Rc5 Rxc5 20. dxc5
Rc8 21. b4 b6 22. cxb6 Nxb6 23. Re5 Bc4 24. Ra5 a6 25. Ke1 Bb5 26. Ra3 Rc2 27.
Nd4 Rxd2 28. Nxb5 axb5 29. Ra6 Rd6 30. Ke2 Kf8 31. Ra7 Rd7 32. Rxd7 Nxd7 33. Kd3
Ke7 34. Ke4 Kd6 35. g4 Nb6 36. h4 Nd5 37. a3 Nc3+ 38. Kd4 Na4 39. Ke4 f6 40. f4
g6 41. f5 gxf5+ 42. gxf5 e5 43. Kf3 h5 44. Ke4 Kc6 45. Kd3 Kd5 46. Ke3 Kc4 47.
Ke4 Nb6 48. Ke3 Kb3 49. Kd3 Kxa3 50. Kc3 Nd5+ 51. Kd3 Kxb4 52. Ke4 Kc4 53. Kf3
Kd3 0-1

[Event "Druzynowe Mistrzostw Polski Juniorow - II Liga"]
[Site "Wroclaw"]
[Date "1899-12-30"]
[Round "9.85"]
[White "Bartlomowicz, Jakub"]
[Black "Piechota, Kamil"]
[Result "1/2-1/2"]
[WhiteTitle "I"]
[BlackTitle "I"]
[WhiteElo "1922"]
[BlackElo "1728"]

1. e4 e5 2. Nf3 Nc6 3. Bc4 Nf6 4. d3 h6 5. c3 d6 6. Nbd2 g5 7. Nf1 Bg7 8. Ng3 Ne7
9. d4 exd4 10. cxd4 O-O 11. O-O Nxe4 12. Nxe4 d5 13. Bd3 dxe4 14. Bxe4 c6 15.
Ne5 Nf5 16. Be3 Nxe3 17. fxe3 Bxe5 18. dxe5 Qxd1 19. Raxd1 Be6 20. Bf5 Bc4 21.
Rf2 Rad8 22. Rxd8 Rxd8 23. Bc2 Bxa2 24. b3 c5 25. Bh7+ Kxh7 26. Rxa2 a6 27. Rf2
Kg7 28. Rf6 Rd3 29. Rb6 Rxe3 30. Rxb7 Rxe5 31. Kf2 Kg6 32. Ra7 Re6 33. Rc7 Rf6+
34. Ke2 Re6+ 35. Kf2 Rb6 36. Rxc5 f6 37. Rc3 h5 38. h3 f5 39. Rc5 g4 40. hxg4
hxg4 41. g3 Kg5 42. Ra5 Kf6 43. Kg2 Rxb3 44. Rxa6+ Ke5 45. Ra4 Rb2+ 46. Kg1 Rd2
47. Rb4 Rd4 48. Rb2 Ke4 49. Kf2 f4 50. gxf4 Kxf4 51. Rb3 Rd2+ 52. Kg1 Kg5 53.
Rb5+ Kh4 54. Rb3 Ra2 55. Rc3 Rb2 1/2-1/2

[Event "Druzynowe Mistrzostw Polski Juniorow - II Liga"]
[Site "Wroclaw"]
[Date "1899-12-30"]
[Round "9.86"]
[White "Zimny, Karol"]
[Black "Bochenek, Ryszard"]
[Result "1/2-1/2"]
[WhiteTitle "II"]
[BlackTitle "II+"]
[WhiteElo "1224"]
[BlackElo "1544"]

1. e4 c5 2. Nf3 Nc6 3. d4 cxd4 4. Nxd4 e5 5. Nb5 d6 6. c4 Be7 7. Be2 Nf6 8. N1c3
a6 9. Na3 O-O 10. Nc2 Ne8 11. Be3 Bg5 12. O-O Bxe3 13. Nxe3 Qg5 14. Bg4 Nd4 15.
Ncd5 Bxg4 16. Qxg4 Qxg4 17. Nxg4 h5 18. Nge3 g6 19. Ne7+ Kh7 20. f3 Nc7 21. N7d5
Nxd5 22. Nxd5 Rac8 23. b3 a5 24. Rad1 Kg7 25. Rf2 b5 26. cxb5 Nxb5 27. Nb6 Rc6
28. Nc4 a4 29. Rfd2 Nd4 30. Rd3 axb3 31. axb3 Rb8 32. Nd2 f5 33. h3 f4 34. Kh2
g5 35. g3 fxg3+ 36. Kxg3 h4+ 37. Kf2 Rc2 38. Kg1 Rf8 39. Kf1 Rb8 40. Kg1 Rb6 41.
Nc4 Rxb3 42. Rxb3 Nxb3 43. Nxd6 Nd4 44. Rf1 Ne2+ 45. Kg2 Nf4+ 46. Kh1 Nxh3 47.
Nf5+ Kf6 48. Ra1 Nf4 49. Ra6+ Ne6 50. Ne3 Rc5 51. Nd5+ Kf7 52. Ra7+ Kg6 53. Ra6
Kf7 1/2-1/2

[Event "Druzynowe Mistrzostw Polski Juniorow - II Liga"]
[Site "Wroclaw"]
[Date "1899-12-30"]
[Round "9.87"]
[White "Blaszkiewicz, Jakub"]
[Black "Kordowski, Lukasz"]
[Result "1-0"]
[WhiteTitle "II"]
[BlackTitle "III"]
[WhiteElo "1405"]
[BlackElo "1102"]

1. e4 c5 2. Nf3 d6 3. d3 Nf6 4. g3 g6 5. Bg2 Bg7 6. O-O O-O 7. Qe2 e5 8. Nbd2 Nc6
9. c3 b5 10. h3 a5 11. d4 cxd4 12. cxd4 Rb8 13. dxe5 dxe5 14. Rd1 Qe7 15. b3 Be6
16. Bb2 Nd7 17. Rac1 Rfc8 18. Nf1 h5 19. Ne3 Bh6 20. Rc2 f6 21. Nd5 Qf8 22. Nh4
Kh7 23. f4 g5 24. Ng6 Kxg6 25. f5+ Bxf5 26. exf5+ Kg7 27. Qxh5 Qf7 28. Qxf7+ Kxf7
29. Nxf6 Nxf6 30. Rxc6 Rxc6 31. Bxc6 Rb6 32. Rd6 g4 33. Bxe5 Be3+ 34. Kh2 Ne8
35. Bxe8+ Kxe8 36. Rxb6 Bxb6 37. hxg4 b4 38. g5 Kf8 39. Kg2 Be3 40. Bf4 Bd4 41.
Kf3 Ba1 42. Bc7 a4 43. Ke4 1-0

[Event "Druzynowe Mistrzostw Polski Juniorow - II Liga"]
[Site "Wroclaw"]
[Date "1899-12-30"]
[Round "9.88"]
[White "Furas, Pawel"]
[Black "Lesnikowski, Maciej"]
[Result "0-1"]
[WhiteTitle "III"]
[BlackTitle "II"]
[WhiteElo "1052"]
[BlackElo "1332"]

1. e4 e5 2. c3 Nc6 3. d4 exd4 4. cxd4 Bb4+ 5. Nc3 d6 6. Nf3 Nge7 7. d5 Bxc3+ 8.
bxc3 Ne5 9. Nxe5 dxe5 10. Be2 O-O 11. O-O Ng6 12. Bg4 Qf6 13. g3 Qd6 14. Bxc8
Raxc8 15. Qg4 Rcd8 16. h4 Kh8 17. h5 Ne7 18. Kg2 f5 19. Qh4 fxe4 20. Be3 Nxd5
21. Rad1 Qf6 22. Bg5 Qf3+ 23. Kg1 Rd6 24. c4 Nf6 25. Rxd6 cxd6 26. Bxf6 Rxf6 27.
Qh3 Qf5 28. Qh2 h6 29. Qg2 Qf3 30. Qxf3 exf3 31. Rd1 b6 32. Kh2 Kg8 33. Kh3 Kf7
34. a4 Ke6 35. Kg4 Rf7 36. Rd5 Rc7 37. Kxf3 Rxc4 38. Rd2 Rxa4 39. Ke2 Rc4 40.
Rb2 Rc6 41. Ra2 a5 42. Kd3 d5 43. f4 exf4 44. gxf4 Rc4 45. Kd2 Rxf4 46. Kc3 Rf3+
47. Kd4 Rf4+ 48. Kc3 Rh4 49. Kb3 Rxh5 50. Rg2 Rg5 51. Re2+ Kd6 52. Rf2 Rg4 53.
Rf7 h5 54. Rb7 Kc6 55. Rf7 h4 56. Rf2 h3 57. Rh2 Rg3+ 58. Ka4 Rg4+ 59. Kb3 Rh4
60. Ka3 g5 61. Kb3 g4 62. Ka3 g3 63. Rh1 h2 64. Rc1+ Kd6 65. Kb3 h1=Q 66. Rxh1
Rxh1 67. Ka3 g2 68. Kb3 g1=R 69. Ka4 Kc5 70. Kb3 Rh3+ 71. Kc2 Rg2+ 72. Kc1 Rh1#
0-1

[Event "Druzynowe Mistrzostw Polski Juniorow - II Liga"]
[Site "Wroclaw"]
[Date "1899-12-30"]
[Round "9.90"]
[White "Figa, Karolina"]
[Black "Babinska, Liwia"]
[Result "1-0"]
[WhiteTitle "I+"]
[BlackTitle "I"]
[WhiteElo "1352"]
[BlackElo "1331"]

1. d4 d5 2. c4 c6 3. Nf3 Nf6 4. Nc3 dxc4 5. a4 Bf5 6. g3 e6 7. Bg2 Nbd7 8. Nd2
Be7 9. O-O O-O 10. e4 Bg6 11. Nxc4 Rc8 12. Re1 h6 13. f4 Bb4 14. h3 b6 15. g4
Ne8 16. f5 exf5 17. gxf5 Bh7 18. Rf1 Nd6 19. Nxd6 Bxd6 20. e5 Be7 21. Ne4 c5 22.
Qg4 h5 23. Qxh5 cxd4 24. f6 Bc5 25. fxg7 Kxg7 26. Bh6+ Kh8 27. Bxf8 Nxf8 28. Rxf7
d3+ 29. Nxc5 bxc5 30. Qh6 Qd4+ 31. Kh1 Qxe5 32. Rxf8+ Rxf8 33. Qxf8+ Bg8 34. Rg1
d2 35. Bf3 Qg3 36. Rxg3 d1=Q+ 37. Bxd1 a5 38. Qxg8# 1-0

[Event "Druzynowe Mistrzostw Polski Juniorow - II Liga"]
[Site "Wroclaw"]
[Date "1899-12-30"]
[Round "9.91"]
[White "Smuda, Tomasz"]
[Black "Wesolek, Krzysztof"]
[Result "1/2-1/2"]
[WhiteTitle "I"]
[BlackTitle "I"]
[WhiteElo "1515"]
[BlackElo "1747"]

1. e4 d6 2. d4 Nf6 3. Nc3 c6 4. f4 Qa5 5. e5 Ne4 6. Bd2 Nxd2 7. Qxd2 d5 8. h3 e6
9. Nf3 Bd7 10. Be2 c5 11. O-O Nc6 12. Kh2 h5 13. a3 cxd4 14. Nxd4 Nxd4 15. Qxd4
Qc5 16. Qd2 g6 17. Rad1 Rc8 18. Ne4 Qxc2 19. Nf6+ Kd8 20. Qa5+ Qc7 21. Qe1 Be7
22. Nxd7 Qxd7 23. Qa5+ b6 24. Qa6 Rc5 25. b4 Rc3 26. Rc1 Rc7 27. Rcd1 Bf8 28.
Rd2 Bh6 29. Rf2 Ke7 30. Bb5 Qc8 31. Qa4 Rd8 32. h4 Qb8 1/2-1/2

[Event "Druzynowe Mistrzostw Polski Juniorow - II Liga"]
[Site "Wroclaw"]
[Date "1899-12-30"]
[Round "9.92"]
[White "Ostojski, Dawid"]
[Black "Rzepka, Marcin"]
[Result "0-1"]
[WhiteTitle "II"]
[BlackTitle "II"]
[WhiteElo "1337"]
[BlackElo "1314"]

1. e4 c5 2. Nc3 a6 3. f4 b5 4. Nf3 Bb7 5. d3 g6 6. g3 Bg7 7. Bg2 d6 8. O-O Nd7
9. f5 Ngf6 10. fxg6 hxg6 11. Be3 Ng4 12. Bf4 Nge5 13. Nxe5 Nxe5 14. Bxe5 Bxe5
15. Qf3 Bd4+ 16. Kh1 Bf6 17. Rae1 Qd7 18. Nd5 Bxd5 19. exd5 O-O-O 20. b3 b4 21.
d4 Bxd4 22. Qxf7 Rxh2+ 23. Kxh2 Rh8+ 24. Bh3 Qxh3# 0-1

[Event "Druzynowe Mistrzostw Polski Juniorow - II Liga"]
[Site "Wroclaw"]
[Date "1899-12-30"]
[Round "9.94"]
[White "Wrzodak, Natalia"]
[Black "Pawleta, Mateusz"]
[Result "0-1"]
[WhiteTitle "I"]
[BlackTitle "II"]
[WhiteElo "1133"]
[BlackElo "1168"]

1. e4 c5 2. Nf3 e6 3. d4 cxd4 4. Nxd4 Nc6 5. Nc3 Nf6 6. Be3 Bb4 7. Bd3 O-O 8. O-O
d5 9. exd5 exd5 10. Nce2 Bg4 11. c3 Bd6 12. h3 Nxd4 13. Bxd4 Be6 14. Re1 Nd7 15.
Nc1 Qg5 16. Be3 Bf4 17. Bxf4 Qxf4 18. Re3 Nf6 19. Nb3 Rfe8 20. Qe2 Bd7 21. Re1
Rac8 22. Nd4 h6 23. Qd2 Ne4 24. Qc2 Nc5 25. Bf5 Rxe3 26. Rxe3 Re8 27. Rxe8+ Bxe8
28. Qe2 Kf8 29. Bg4 Ne4 30. Bf3 Bd7 31. Nc2 Bc6 32. Nb4 g6 33. Nxc6 bxc6 34. Bxe4
dxe4 35. Qe3 Qxe3 36. fxe3 Ke7 37. b4 Kd6 38. c4 0-1

[Event "Druzynowe Mistrzostw Polski Juniorow - II Liga"]
[Site "Wroclaw"]
[Date "1899-12-30"]
[Round "9.97"]
[White "Pitera, Michal"]
[Black "Goral, Bartosz"]
[Result "1-0"]
[WhiteTitle "I"]
[BlackTitle "III"]
[WhiteElo "1794"]
[BlackElo "1065"]

1. d4 d5 2. c4 e6 3. Nc3 Bb4 4. Nf3 Nf6 5. Qc2 Bd7 6. a3 Bxc3+ 7. bxc3 Nc6 8. cxd5
exd5 9. Bg5 h6 10. Bh4 Be6 11. e3 g5 12. Bg3 Ne4 13. Bb5 Nxg3 14. hxg3 a6 15.
Bxc6+ bxc6 16. Rb1 Rb8 17. Rxb8 Qxb8 18. Nxg5 Kd7 19. Nxe6 fxe6 20. O-O Qe8 21.
Qe2 h5 22. f4 Qe7 23. Qxa6 h4 24. g4 h3 25. g3 h2+ 26. Kh1 Qh7 27. Qe2 Qe4+ 28.
Qf3 Qc2 29. f5 Re8 30. fxe6+ Rxe6 31. Qf7+ Kd6 32. Qf8+ Re7 33. Qd8+ Ke6 34. Qc8+
Rd7 35. Qe8+ Re7 36. Qxc6# 1-0

[Event "Druzynowe Mistrzostw Polski Juniorow - II Liga"]
[Site "Wroclaw"]
[Date "1899-12-30"]
[Round "9.99"]
[White "Penar, Marcin"]
[Black "Myszkowski, Jan"]
[Result "1-0"]
[WhiteTitle "II"]
[BlackTitle "II"]
[WhiteElo "1296"]
[BlackElo "1076"]

1. d4 c5 2. d5 d6 3. c4 g6 4. Nc3 Bg7 5. e4 Nf6 6. Bd3 O-O 7. Nf3 Bg4 8. h3 Bxf3
9. Qxf3 Nbd7 10. Bf4 Nh5 11. Bd2 Ne5 12. Qe2 Nxd3+ 13. Qxd3 Bd4 14. g4 Nf6 15.
Bh6 Re8 16. f3 Nd7 17. Bd2 a6 18. h4 e6 19. g5 Bxc3 20. Bxc3 e5 21. Qe3 f6 22.
Bd2 Rf8 23. Ke2 f5 24. Qg1 b5 25. h5 Kg7 26. hxg6 hxg6 27. Rh6 f4 28. Qg4 Qe7
29. Rah1 Rh8 30. Qh3 Rxh6 31. Qxh6+ Kf7 32. Qh7+ Ke8 33. Qxg6+ Kd8 34. Rh8+ Nf8
35. Qf5 Kc7 36. g6 Qg7 37. Qf7+ Qxf7 38. gxf7 bxc4 39. Be1 Kd7 40. Bh4 Rb8 41.
Kd1 a5 42. Kc2 Rc8 43. Kc3 Rb8 44. Bf6 Rc8 45. Bg7 Ke7 46. Rxf8 Rxf8 47. Bxf8+
Kxf8 48. Kxc4 Kxf7 49. Kb5 Ke8 50. Kxa5 Kd7 51. Kb6 c4 52. Kb7 Ke8 53. a4 Kf7
54. a5 Kg6 55. a6 Kh5 56. a7 Kh4 57. a8=Q Kg3 58. Qa3 Kf2 59. Kc6 c3 60. Qxc3
Kg2 61. Kxd6 Kh2 62. Kxe5 Kh1 63. Qd2 Kg1 64. Kxf4 Kh1 65. Kg3 Kg1 66. Qe1# 1-0

[Event "Druzynowe Mistrzostw Polski Juniorow - II Liga"]
[Site "Wroclaw"]
[Date "1899-12-30"]
[Round "9.100"]
[White "Ford, Nikodem"]
[Black "Schiller, Marcin"]
[Result "1-0"]
[WhiteTitle "III"]
[BlackTitle "II"]
[WhiteElo "1100"]
[BlackElo "1214"]

1. e4 e6 2. d4 d5 3. e5 c5 4. c3 Nc6 5. Nf3 Qb6 6. Bd3 Bd7 7. Bc2 Nge7 8. O-O Ng6
9. b3 cxd4 10. cxd4 Be7 11. Be3 Rc8 12. Bxg6 fxg6 13. Nbd2 O-O 14. a3 Na5 15.
b4 Nc4 16. Nxc4 Rxc4 17. Qb3 Rfc8 18. Rac1 Rxc1 19. Rxc1 Rxc1+ 20. Bxc1 Qc7 21.
Qb2 Bb5 22. Nd2 Bg5 23. h3 h5 24. Nb3 Bxc1 25. Qxc1 Qxc1+ 26. Nxc1 Bc4 27. f4
g5 28. fxg5 Kf7 29. h4 Kg6 30. Kf2 Kf5 31. Kf3 b5 32. g3 g6 33. Ke3 Kg4 34. Kf2
a6 35. Kg2 Kf5 36. Kf3 Bf1 37. Nb3 Bd3 38. Nc5 Bc2 39. Nxa6 Bd1+ 40. Ke3 Kg4 41.
Kf2 Kf5 42. Nc5 Bc2 43. Kf3 Bd1+ 44. Kf2 Bc2 45. Ke2 Kg4 46. Nxe6 Kxg3 47. Ng7
Kxh4 48. e6 Kxg5 49. e7 1-0

[Event "Druzynowe Mistrzostw Polski Juniorow - II Liga"]
[Site "Wroclaw"]
[Date "1899-12-30"]
[Round "9.101"]
[White "Bartoszek, Julia"]
[Black "Biniak, Zuzanna"]
[Result "0-1"]
[WhiteTitle "I"]
[BlackTitle "I"]
[WhiteElo "1285"]
[BlackElo "1433"]

1. d4 d6 2. c4 g6 3. Nc3 Bg7 4. e4 Nd7 5. Be3 e5 6. d5 Ne7 7. Qd2 h6 8. Nge2 f5
9. f4 fxe4 10. Nxe4 Nf5 11. Bf2 Nf6 12. Nxf6+ Qxf6 13. fxe5 dxe5 14. Nc3 O-O 15.
Ne4 Qf7 16. Bc5 Rd8 17. O-O-O Nd6 18. Nxd6 cxd6 19. Be3 Kh7 20. Bd3 Bf5 21. Rdf1
Qd7 22. Qc2 Rf8 23. Be4 b6 24. Kb1 Rf7 25. Rf2 Bxe4 26. Qxe4 Rxf2 27. Bxf2 Rf8
28. Be3 h5 29. Qc2 Bh6 30. Bxh6 Kxh6 31. Qd2+ g5 32. Qe2 Qf5+ 33. Ka1 Qf2 34.
Qd1 Qxg2 35. Rg1 Qf3 36. Qc1 Qf4 37. Qb1 Qxh2 38. Rf1 Rxf1 39. Qxf1 Qf4 40. Qh1
h4 41. a3 Kh5 42. Qb1 e4 43. Qd1+ Qf3 44. Qd4 e3 45. Qh8+ Kg4 46. Qc8+ Kg3 47.
Qe6 Qf4 48. Qg6 g4 49. Qd3 Qf3 50. Qb1 Kg2 51. b4 Qf1 0-1

[Event "Druzynowe Mistrzostw Polski Juniorow - II Liga"]
[Site "Wroclaw"]
[Date "1899-12-30"]
[Round "10.1"]
[White "Dziendziel, Mateusz"]
[Black "Malik, Maciej"]
[Result "0-1"]
[WhiteTitle "I"]
[BlackTitle "I++"]
[WhiteElo "1884"]
[BlackElo "1984"]

1. e4 c5 2. Nf3 Nc6 3. Bb5 g6 4. O-O Bg7 5. c3 d5 6. Qa4 Qd6 7. exd5 Qxd5 8. d4
cxd4 9. cxd4 Bd7 10. Nc3 Qf5 11. d5 Nb8 12. Nh4 Qf6 13. Qc4 Kf8 14. Be3 a6 15.
Bxd7 Nxd7 16. Nf3 Ne5 17. Nxe5 Qxe5 18. Rfe1 Qf5 19. Rad1 h5 20. Bc5 Bf6 21. Ne4
Kg7 22. Nxf6 exf6 23. d6 Rc8 24. d7 Rxc5 25. Qxc5 Qxc5 26. d8=Q Nh6 27. Qd5 Qc7
28. h3 b5 29. b4 Nf5 30. Rc1 Qf4 31. Qe4 Qd2 32. Rc2 Qd7 33. Qc6 Qd3 34. Qc3 Qd5
35. Rd2 Qb7 36. Qd3 Rc8 37. Qd7 Qa8 38. Qd5 Qb8 39. a3 Qc7 40. Rd3 Qb6 41. g4
hxg4 42. hxg4 Nh4 43. Rde3 Rd8 44. Qh1 g5 45. Qh3 Ng6 46. Re8 Rxe8 47. Rxe8 Qc6
48. Qe3 Nf4 49. Re4 Qd6 50. Qf3 Qd2 51. Kh2 Ng6 52. Re2 Qd1 53. Re3 Qd2 54. Re2
Qd6+ 55. Qg3 Nf4 56. Re4 Kg6 57. Re3 Kg7 58. Rf3 f5 59. gxf5 Qh6+ 60. Kg1 Ne2+
0-1

[Event "Druzynowe Mistrzostw Polski Juniorow - II Liga"]
[Site "Wroclaw"]
[Date "1899-12-30"]
[Round "10.2"]
[White "Karut, Kacper"]
[Black "Herwy, Jakub"]
[Result "1-0"]
[WhiteTitle "I"]
[BlackTitle "I++"]
[WhiteElo "1835"]
[BlackElo "1905"]

1. e4 c5 2. Nf3 e6 3. d4 cxd4 4. Nxd4 a6 5. Bd3 Qb6 6. Nb3 Qc7 7. O-O d6 8. Bd2
Nf6 9. Nc3 Be7 10. f4 Nbd7 11. Qe2 h5 12. Rae1 h4 13. e5 Nh5 14. Ne4 dxe5 15.
f5 exf5 16. Rxf5 g6 17. Rff1 O-O 18. Bh6 Ng7 19. Bg5 Bxg5 20. Nxg5 f5 21. Qf2
Nf6 22. Qxh4 Be6 23. Qh6 Bf7 24. Rf3 Rae8 25. Rh3 Qb6+ 26. Kh1 Ngh5 27. Rxh5 gxh5
28. Bxf5 Qf2 29. Bh7+ Kh8 30. Bd3+ Kg8 31. Rf1 Qxf1+ 32. Bxf1 Bxb3 33. Qg6+ Kh8
34. axb3 Re7 35. Bc4 Rg7 36. Qh6+ Nh7 37. Nxh7 Rf1+ 38. Bxf1 1-0

[Event "Druzynowe Mistrzostw Polski Juniorow - II Liga"]
[Site "Wroclaw"]
[Date "1899-12-30"]
[Round "10.3"]
[White "Lecki, Leonard"]
[Black "Tim, Wojciech"]
[Result "1-0"]
[WhiteTitle "I"]
[BlackTitle "II"]
[WhiteElo "1612"]
[BlackElo "1300"]

1. e4 e6 2. d4 d5 3. Nc3 dxe4 4. Nxe4 Bd7 5. Nf3 Bc6 6. Bd3 Nd7 7. c3 Ngf6 8. Nxf6+
Nxf6 9. O-O Be7 10. Bc2 O-O 11. Re1 Bxf3 12. Qxf3 c6 13. g3 Qd5 14. Qd3 Rad8 15.
b4 b6 16. Bb2 c5 17. c4 Qh5 18. bxc5 Bxc5 19. Kg2 Bd6 20. Rad1 Bc7 21. Qf3 Qxf3+
22. Kxf3 Rfe8 23. Ba4 Rf8 24. h4 Rc8 25. Ba3 Bb8 26. Bxf8 Kxf8 27. Bb3 a5 28.
Rc1 Nd7 29. Ba4 Nf6 30. c5 bxc5 31. dxc5 Ba7 32. c6 Nd5 33. Red1 Nb4 34. c7 Nd5
35. Rxd5 1-0

[Event "Druzynowe Mistrzostw Polski Juniorow - II Liga"]
[Site "Wroclaw"]
[Date "1899-12-30"]
[Round "10.4"]
[White "Balon, Adam"]
[Black "Radzimski, Antoni"]
[Result "0-1"]
[WhiteTitle "II"]
[BlackTitle "I"]
[WhiteElo "1179"]
[BlackElo "1627"]

1. d4 d5 2. b3 c5 3. e3 Nc6 4. Bb2 Nf6 5. Bd3 cxd4 6. exd4 Bg4 7. Nf3 e6 8. a3
Bd6 9. Nbd2 O-O 10. O-O Re8 11. c4 Rc8 12. c5 Bb8 13. Qc2 h6 14. Ne5 Nxe5 15.
dxe5 Nd7 16. b4 Nxe5 17. Rfe1 Nxd3 18. Qxd3 Bf5 19. Qb5 Qe7 20. Nf3 Be4 21. Re3
a6 22. Qe2 a5 23. Nd2 Bf5 24. Be5 Bxe5 25. Rxe5 axb4 26. axb4 Qh4 27. b5 f6 28.
Re3 Rxc5 29. Rg3 Rec8 30. Nf1 Rc1 31. Ra7 R8c2 32. Qe3 Rxf1+ 33. Kxf1 Qc4+ 34.
Ke1 Rc1+ 35. Qxc1 Qc3+ 36. Qc2 Qxc2 37. Ke2 Qb1 38. Ra8+ d4 39. Rb8+ Kh7 40. Rd8
d3+ 41. Rgxd3 Bxd3+ 42. Rxd3 Qxb5 43. f4 Qb1 44. f5 exf5 45. g4 fxg4 46. h3 Qxd3+
47. Kxd3 gxh3 48. Ke2 h2 49. Kd1 h1=Q+ 50. Kc2 f5 51. Kd2 Qe4 52. Kc1 f4 53. Kb2
f3 54. Ka2 Qb4 55. Ka1 f2 56. Ka2 b6 57. Ka1 f1=Q+ 58. Ka2 Qfb1# 0-1

[Event "Druzynowe Mistrzostw Polski Juniorow - II Liga"]
[Site "Wroclaw"]
[Date "1899-12-30"]
[Round "10.5"]
[White "Obrochta, Lena"]
[Black "Tim, Anna"]
[Result "1/2-1/2"]
[WhiteTitle "I++"]
[BlackTitle "I"]
[WhiteElo "1690"]
[BlackElo "1159"]

1. e4 e6 2. d4 d5 3. Nd2 c5 4. exd5 exd5 5. Ngf3 Bd6 6. Bb5+ Bd7 7. Bxd7+ Nxd7
8. dxc5 Bxc5 9. O-O Ne7 10. Nb3 h6 11. Re1 O-O 12. Bf4 Rc8 13. Ne5 Nf6 14. Nxc5
Rxc5 15. Ng4 Nxg4 16. Qxg4 Ng6 17. Be3 Rxc2 18. Qd4 Qb6 19. Qxd5 Qxb2 20. Reb1
Qe5 21. Qxb7 Rc7 22. Qf3 Rfc8 23. g3 Qe6 24. Re1 Qa6 25. h4 Rc2 26. a4 R2c7 27.
Qf5 Qc6 28. h5 Ne7 29. Qg4 Nd5 30. Bd4 Nf6 31. Qf5 Qd5 32. Qxd5 Nxd5 33. Red1
Nc3 34. Bxc3 Rxc3 35. Rd7 R8c7 36. Rad1 Rc1 37. Rxc1 Rxd7 38. Rc8+ Kh7 39. Ra8
g6 40. hxg6+ fxg6 41. Kg2 Kg7 42. a5 Kf6 43. Kf3 Re7 44. Rf8+ Kg7 45. Rb8 Kf6
46. Ra8 Kg7 47. a6 Kf6 48. Rf8+ Kg5 49. Ra8 Kf6 50. Rf8+ Kg5 51. g4 Re6 52. Kg3
h5 53. f4+ Kh6 54. Rf7 hxg4 55. Rxa7 g5 56. f5 Re3+ 57. Kxg4 Re4+ 58. Kg3 Rf4
59. Rf7 Ra4 60. a7 Ra5 61. Kf3 Ra3+ 62. Ke4 Ra4+ 63. Kd5 g4 64. Kc6 g3 65. f6
g2 66. Rg7 Rxa7 67. Rxg2 Ra6+ 68. Kb5 Rxf6 1/2-1/2

[Event "Druzynowe Mistrzostw Polski Juniorow - II Liga"]
[Site "Wroclaw"]
[Date "1899-12-30"]
[Round "10.6"]
[White "Nieckarz, Maja"]
[Black "Salamon, Julia"]
[Result "1/2-1/2"]
[WhiteTitle "I"]
[BlackTitle "I++"]
[WhiteElo "1432"]
[BlackElo "1465"]

1. d4 Nf6 2. Nc3 d5 3. Bg5 Bf5 4. e3 c6 5. Bd3 Bxd3 6. Qxd3 Nbd7 7. Nf3 e6 8. O-O
Be7 9. Bf4 O-O 10. Rae1 c5 11. Qe2 cxd4 12. exd4 Qb6 13. Qb5 Bb4 14. Qxb6 Nxb6
15. Bd2 Nc4 16. Nb1 Bxd2 17. Nbxd2 Nxd2 18. Nxd2 Rfc8 19. c3 Ne8 20. f4 Nd6 21.
g4 g6 22. f5 gxf5 23. gxf5 Nxf5 24. Nf3 Kg7 25. Rf2 Rg8 26. Kf1 Kf8 27. Ke2 Ke7
28. Kd3 Rg7 29. a4 Rc8 30. b3 Nd6 31. Nd2 Rg4 32. c4 dxc4+ 33. bxc4 b6 34. d5
Nxc4 35. Ne4 Nd6 36. Nxd6 Kxd6 37. Rxf7 e5 38. Rxa7 Rcc4 39. Rb1 Rgd4+ 40. Ke3
Rb4 41. Rxb4 Rxb4 42. Rxh7 Kxd5 43. Rd7+ Kc6 44. Re7 Rxa4 45. Rxe5 Rh4 46. Re6+
Kb5 47. Kd3 Rxh2 48. Kc3 Rh3+ 49. Kb2 Ka5 50. Re8 b5 51. Re4 b4 52. Re8 Rh4 53.
Ra8+ Kb5 54. Rb8+ Kc4 55. Rc8+ Kb5 56. Rb8+ Kc6 57. Kb3 Kc5 58. Rc8+ 1/2-1/2

[Event "Druzynowe Mistrzostw Polski Juniorow - II Liga"]
[Site "Wroclaw"]
[Date "1899-12-30"]
[Round "10.7"]
[White "Kolodziejski, Piotr"]
[Black "Grzesik, Gracjan"]
[Result "1-0"]
[WhiteTitle "k"]
[BlackTitle "k"]
[WhiteElo "2107"]
[BlackElo "2218"]

1. e4 c5 2. Nf3 d6 3. d4 Nf6 4. Nc3 cxd4 5. Nxd4 a6 6. Bc4 e6 7. Bb3 Nbd7 8. g4
Nc5 9. f3 b5 10. Be3 Bb7 11. Qd2 Be7 12. O-O-O O-O 13. h4 Rc8 14. h5 b4 15. Nce2
d5 16. g5 Nfd7 17. exd5 Nxb3+ 18. axb3 Bxd5 19. Kb1 a5 20. Nf4 Ne5 21. Nxd5 Qxd5
22. Nf5 Qb7 23. Qd4 exf5 24. Qxe5 Rfe8 25. Qxf5 Rcd8 26. h6 g6 27. Qe5 Bf8 28.
Qf6 Rxd1+ 29. Rxd1 Qe7 30. Bd4 Qxf6 31. Bxf6 Rc8 32. Rd3 Bc5 33. Kc1 Kf8 34. f4
Be7 35. Be5 Rd8 36. Kd2 Ke8 37. Bc7 Rxd3+ 38. Kxd3 Kd7 39. Bxa5 Ke6 40. Ke4 f6
41. gxf6 Kxf6 42. Bb6 Bf8 43. Bd8+ Ke6 44. Bg5 Bc5 45. c3 Bd6 46. Kd4 bxc3 47.
bxc3 Kf5 48. b4 Ke6 49. b5 Kd7 50. Kd5 Ba3 51. c4 Bc1 52. c5 Be3 53. b6 Kc8 54.
Kc6 Bd2 55. b7+ Kb8 56. Be7 Bxf4 57. Bd6+ Bxd6 58. cxd6 1-0

[Event "Druzynowe Mistrzostw Polski Juniorow - II Liga"]
[Site "Wroclaw"]
[Date "1899-12-30"]
[Round "10.8"]
[White "Bochniak, Franciszek"]
[Black "Kejna, Piotr"]
[Result "1-0"]
[WhiteTitle "I+"]
[BlackTitle "CM"]
[WhiteElo "1664"]
[BlackElo "1970"]

1. d4 e6 2. c4 Nf6 3. Nc3 Bb4 4. f3 d5 5. e3 O-O 6. a3 Bxc3+ 7. bxc3 c5 8. Bd3
Nc6 9. cxd5 Nxd5 10. Ne2 Qh4+ 11. g3 Qf6 12. O-O Rd8 13. Qc2 h6 14. c4 Nc7 15.
Bb2 Qg5 16. f4 Qe7 17. Qc3 f6 18. Be4 Bd7 19. Rad1 Be8 20. Bf3 Bf7 21. Rd2 Rd6
22. Rfd1 Rad8 23. a4 b6 24. Ba3 Qd7 25. a5 Na6 26. axb6 axb6 27. d5 exd5 28. Bxd5
Bxd5 29. cxd5 Ncb4 30. Qb3 Re8 31. Re1 Kh8 32. Nc3 f5 33. Qc4 Re7 34. Kf2 Re8
35. Bb2 Nc7 36. Red1 Rd8 37. e4 fxe4 38. Qxe4 Re8 39. Qg2 Qf5 40. Qf3 Red8 41.
g4 Qf7 42. f5 Ncxd5 43. Ne4 R6d7 44. g5 Nc7 45. Nd6 Rxd6 46. Rxd6 Rxd6 47. Rxd6
hxg5 48. f6 Ne8 49. Rd8 Kh7 50. Qe4+ Kh6 51. Qxe8 Qc4 52. Qh8+ Kg6 53. Qxg7+ Kf5
54. Qh7+ Kf4 55. f7 Nd3+ 56. Qxd3 1-0

[Event "Druzynowe Mistrzostw Polski Juniorow - II Liga"]
[Site "Wroclaw"]
[Date "1899-12-30"]
[Round "10.9"]
[White "Komendecki, Antoni"]
[Black "Merecki, Antoni"]
[Result "0-1"]
[WhiteTitle "I++"]
[BlackTitle "II"]
[WhiteElo "1880"]
[BlackElo "1543"]

1. d4 d5 2. c4 c6 3. e3 Nf6 4. Nc3 a6 5. cxd5 cxd5 6. Bd3 g6 7. Qc2 Nc6 8. a3 Bg7
9. h3 O-O 10. Nf3 Bd7 11. O-O b5 12. b4 e6 13. Bd2 Qc7 14. Rfc1 Rac8 15. Qb3 Qd6
16. Rcb1 e5 17. dxe5 Nxe5 18. Nxe5 Qxe5 19. Ne2 Ne4 20. Bxe4 dxe4 21. Nd4 Qg5
22. h4 Qxh4 23. Qd5 Rcd8 24. Qd6 Qg5 25. Bc3 Bh3 26. Qh2 Bg4 27. Rc1 Be5 28. g3
Rc8 29. Qh4 Qxh4 30. gxh4 Rc4 31. Bb2 Rfc8 32. Rxc4 Rxc4 33. Rb1 Bf6 34. Nb3 Bxh4
35. Bd4 Bf3 36. Rc1 Rxc1+ 37. Nxc1 f5 38. Nb3 Kf7 39. Nc5 Bf6 40. Bxf6 Kxf6 41.
Nxa6 Ke5 42. Nc5 Bd1 43. Nd7+ Kd5 44. Nb6+ Kd6 45. Nc8+ Kd5 46. Nb6+ Kc6 47. Nc8
Bb3 48. Kh2 Be6 49. Na7+ Kb6 50. Nxb5 Kxb5 51. Kg3 g5 0-1